| 000 | 00740nam a22002057a 4500 | ||
|---|---|---|---|
| 005 | 20250325033354.0 | ||
| 008 | 250325b |||||||| |||| 00| 0 eng d | ||
| 020 | _a9798868804373 | ||
| 040 | _cAIMIT LIBRARY | ||
| 082 |
_21 _a005.448 _bKAIA |
||
| 100 |
_aKaiser, Abhinav Krishna. _9206769 |
||
| 245 |
_aBecome GCP cloud digital leader certified in 7 days : _bgetting to know google cloud / _cBy Abhinav Krishna Kaiser. |
||
| 250 | _a1st ed. | ||
| 260 |
_aNew York : _bApress ; _c2025. |
||
| 300 |
_axix, 362p. ; _bPB _c23 cm. |
||
| 650 |
_aInfrastructure concepts _9206770 |
||
| 650 |
_aServerless and cloud functions _9206771 |
||
| 650 |
_aArtificial intelligence and machine learning _9206772 |
||
| 942 |
_2ddc _cBK _e1st ed. _k005.448 KAIA |
||
| 999 |
_c233985 _d233985 |
||